[Event "Nakhchivan Premium 2021"]
[Site "Nakhchivan"]
[Date "2021.03.30"]
[Round "9.2"]
[White "Mammadov, Sadig"]
[Black "Babayev, Talib"]
[Result "1/2-1/2"]
[WhiteElo "2237"]
[BlackElo "2282"]
[Annotator "ChessBase"]
[PlyCount "177"]
[EventDate "2021.03.14"]
[EventType "tourn"]
[EventCountry "AZE"]
[SourceTitle "playchess.com"]
[Source "ChessBase"]
[SourceQuality "1"]
[TimeControl "5400+30"]

1. d4 {[%emt 0:00:00]} Nf6 {[%emt 0:00:00]} 2. c4 {[%emt 0:00:00]} g6 {[%emt 0:00:00]} 3. g3 Bg7 {[%emt 0:00:00]} 4. Bg2 {[%emt 0:00:02]} d6 {[%emt 0:00:13]} 5. Nc3 {[%emt 0:00:17]} O-O {[%emt 0:00:08]} 6. Nf3 {[%emt 0:00:06]} Nc6 {[%emt 0:00:07]} 7. O-O {[%emt 0:00:44]} a6 {[%emt 0:00:12]} 8. h3 {[%emt 0:02:28]} Bd7 {[%emt 0:00:55]} 9. e4 {[%emt 0:00:51]} e5 {[%emt 0:03:42]} 10. d5 {[%emt 0:01:28]} Nd4 {[%emt 0:01:45]} 11. Be3 {[%emt 0:09:26]} Qc8 {[%emt 0:01:13]} 12. Nxd4 {[%emt 0:02:08]} exd4 {[%emt 0:00:07]} 13. Bxd4 {[%emt 0:00:04]} Bxh3 {[%emt 0:00:10]} 14. e5 {[%emt 0:00:48]} dxe5 {[%emt 0:04:31]} 15. Bxe5 {[%emt 0:00:34]} Re8 {[%emt 0:00:31]} 16. Qd4 {[%emt 0:00:47]} c5 {[%emt 0:03:32]} 17. Qh4 {[%emt 0:11:04]} Bxg2 {[%emt 0:01:00]} 18. Bxf6 {[%emt 0:00:21]} Bxf6 {[%emt 0:01:34]} 19. Qxf6 {[%emt 0:00:01]} Qh3 {[%emt 0:01:21]} 20. Qh4 {[%emt 0:00:04]} Bxf1 {[%emt 0:00:13]} 21. Rxf1 {[%emt 0:00:01]} Qxh4 {[%emt 0:01:36]} 22. gxh4 {[%emt 0:00:03]} b5 {[%emt 0:00:53]} 23. Rd1 {[%emt 0:01:02]} bxc4 {[%emt 0:00:49]} 24. Kg2 {[%emt 0:01:27]} f5 {[%emt 0:01:00]} 25. Rd2 {[%emt 0:01:31]} Rad8 {[%emt 0:01:43]} 26. Na4 {[%emt 0:00:52]} Re5 {[%emt 0:02:25]} 27. Nb6 {[%emt 0:01:48]} Kf7 {[%emt 0:01:03]} 28. f3 {[%emt 0:01:39]} f4 {[%emt 0:06:14]} 29. d6 {[%emt 0:05:32]} c3 {[%emt 0:03:10]} 30. bxc3 {[%emt 0:00:02]} Re3 {[%emt 0:00:11]} 31. Na4 {[%emt 0:00:27]} Re6 {[%emt 0:00:34]} 32. d7 {[%emt 0:00:07]} Rc6 {[%emt 0:00:21]} 33. Rd5 {[%emt 0:02:21]} Ke6 {[%emt 0:00:50]} 34. c4 {[%emt 0:00:05]} Ke7 {[%emt 0:28:09]} 35. Nxc5 {[%emt 0:00:26]} h6 {[%emt 0:01:56]} 36. Re5+ {[%emt 0:02:40]} Kf7 {[%emt 0:01:03]} 37. Rd5 {[%emt 0:00:15]} Rb6 {[%emt 0:03:29]} 38. Kh3 {[%emt 0:01:34]} h5 {[%emt 0:02:43]} 39. Rd4 {[%emt 0:15:36]} Ke7 {[%emt 0:03:07]} 40. Re4+ {[%emt 0:00:00]} Kf7 {[%emt 0:00:00]} 41. Rxf4+ {[%emt 0:00:00]} Rf6 {[%emt 0:00:00]} 42. Rd4 {[%emt 0:00:00]} Ke7 {[%emt 0:00:00]} 43. Re4+ {[%emt 0:00:00]} Kf7 {[%emt 0:00:00]} 44. Rd4 {[%emt 0:00:00]} Rb6 {[%emt 0:00:00]} 45. Kg3 {[%emt 0:00:00]} a5 {[%emt 0:00:00]} 46. Rd5 {[%emt 0:00:00]} Ke7 {[%emt 0:00:00]} 47. Re5+ {[%emt 0:00:00]} Kf6 {[%emt 0:00:00]} 48. Re8 {[%emt 0:00:00]} Rbb8 {[%emt 0:00:00]} 49. Re6+ {[%emt 0:00:00]} Kf7 {[%emt 0:00:00]} 50. Re4 {[%emt 0:00:00]} Rb2 {[%emt 0:02:55]} 51. Rd4 {[%emt 0:00:00]} Ke7 {[%emt 0:01:19]} 52. a3 {[%emt 0:00:00]} Re2 {[%emt 0:00:58]} 53. Rd5 {[%emt 0:00:00]} a4 {[%emt 0:04:46]} 54. Rg5 {[%emt 0:06:30]} Re3 {[%emt 0:07:46]} 55. Rxg6 {[%emt 0:01:30]} Rxa3 {[%emt 0:00:06]} 56. Rg7+ {[%emt 0:01:23]} Kf6 {[%emt 0:00:44]} 57. Rh7 {[%emt 0:08:41]} Rg8+ {[%emt 0:06:21]} 58. Kf4 {[%emt 0:04:21]} Ra1 {[%emt 0:07:53]} 59. Nb7 {[%emt 0:00:50]} Kg6 {[%emt 0:00:10]} 60. Re7 {[%emt 0:00:15]} Rf8+ {[%emt 0:00:08]} 61. Kg3 {[%emt 0:00:49]} a3 {[%emt 0:01:09]} 62. Re8 {[%emt 0:10:36]} a2 {[%emt 0:00:15]} 63. d8=Q {[%emt 0:00:11]} Rg1+ {[%emt 0:00:05]} 64. Kh2 {[%emt 0:00:54]} a1=Q {[%emt 0:00:09]} 65. Qd6+ {[%emt 0:09:50]} Kh7 {[%emt 0:01:07]} 66. Rxf8 {[%emt 0:01:53]} Rh1+ {[%emt 0:01:11]} 67. Kg3 {[%emt 0:00:01]} Rg1+ {[%emt 0:01:58]} 68. Kf4 {[%emt 0:02:22]} Qc1+ {[%emt 0:00:10]} 69. Kf5 {[%emt 0:00:06]} Qc2+ {[%emt 0:00:04]} 70. Ke6 {[%emt 0:02:22]} Re1+ {[%emt 0:01:51]} 71. Kd7 {[%emt 0:00:59]} Rd1 {[%emt 0:00:04]} 72. Rf7+ {[%emt 0:00:58]} Kg8 {[%emt 0:00:05]} 73. Qxd1 {[%emt 0:00:09]} Qxd1+ {[%emt 0:00:13]} 74. Nd6 {[%emt 0:00:01]} Qd4 {[%emt 0:00:27]} 75. f4 {[%emt 0:01:50]} Qa7+ {[%emt 0:00:24]} 76. Kc6 {[%emt 0:00:32]} Qa8+ {[%emt 0:00:47]} 77. Rb7 {[%emt 0:00:24]} Qd8 {[%emt 0:00:22]} 78. c5 {[%emt 0:01:51]} Qxh4 {[%emt 0:00:15]} 79. Kd7 {[%emt 0:00:52]} Qg4+ {[%emt 0:00:39]} 80. f5 {[%emt 0:00:12]} Qg7+ {[%emt 0:00:43]} 81. Ke6 {[%emt 0:00:43]} Qc3 {[%emt 0:00:44]} 82. f6 {[%emt 0:00:32]} Qxc5 {[%emt 0:01:55]} 83. Rb8+ {[%emt 0:00:25]} Kh7 {[%emt 0:00:04]} 84. f7 {[%emt 0:00:21]} Qe3+ {[%emt 0:00:03]} 85. Kd7 {[%emt 0:00:21]} Qh3+ {[%emt 0:00:05]} 86. Kd8 {[%emt 0:01:01]} Kg7 {[%emt 0:00:19]} 87. Kc7 {[%emt 0:00:12]} Qc3+ {[%emt 0:00:21]} 88. Kd7 {[%emt 0:00:17]} Qh3+ {[%emt 0:00:08]} 89. Kc7 {[%emt 0:00:07]} 1/2-1/2

[Event "Nakhchivan Premium 2021"]
[Site "Nakhchivan"]
[Date "2021.03.30"]
[Round "9.3"]
[White "Aliyev, Aykhan"]
[Black "Baghirov, Orkhan"]
[Result "1-0"]
[WhiteElo "1683"]
[BlackElo "1473"]
[Annotator "NA RC"]
[PlyCount "133"]
[EventDate "2021.03.14"]
[EventType "tourn"]
[EventCountry "AZE"]
[SourceTitle "playchess.com"]
[Source "ChessBase"]
[SourceQuality "1"]
[TimeControl "5400+30"]

1. e4 {[%emt 0:00:00]} e6 {[%emt 0:00:00]} 2. d4 {[%emt 0:00:00]} d5 {[%emt 0:00:00]} 3. Nd2 {[%emt 0:00:00]} dxe4 {[%emt 0:00:00]} 4. Nxe4 {[%emt 0:00:00]} Nd7 {[%emt 0:00:15]} 5. Nf3 {[%emt 0:00:29]} Ngf6 {[%emt 0:00:30]} 6. Nxf6+ {[%emt 0:00:10]} Nxf6 {[%emt 0:00:02]} 7. Bd3 {[%emt 0:00:13]} Bd6 {[%emt 0:02:25]} 8. Bg5 {[%emt 0:00:16]} Be7 {[%emt 0:01:31]} 9. Qe2 {[%emt 0:03:55]} Nd5 {[%emt 0:02:48]} 10. Bd2 {[%emt 0:04:41]} c6 {[%emt 0:04:26]} 11. a3 {[%emt 0:07:55]} a5 {[%emt 0:05:08]} 12. c4 {[%emt 0:04:56]} Nf6 {[%emt 0:04:02]} 13. O-O {[%emt 0:00:42]} O-O {[%emt 0:03:43]} 14. Rad1 {[%emt 0:01:58]} Qc7 {[%emt 0:01:43]} 15. Ne5 {[%emt 0:05:40]} Nd7 {[%emt 0:05:15]} 16. Nxd7 {[%emt 0:13:29]} Qxd7 {[%emt 0:04:12]} 17. Bf4 {[%emt 0:10:41]} Bd6 {[%emt 0:10:17]} 18. Be5 {[%emt 0:01:11]} Bxe5 {[%emt 0:07:58]} 19. dxe5 {[%emt 0:01:11]} Qe7 {[%emt 0:01:53]} 20. Qc2 {[%emt 0:05:27]} g6 {[%emt 0:05:19]} 21. c5 {[%emt 0:01:26]} f6 {[%emt 0:07:10]} 22. exf6 {[%emt 0:01:36]} Rxf6 {[%emt 0:02:09]} 23. Bc4 {[%emt 0:02:11]} Kg7 {[%emt 0:01:54]} 24. Rd6 {[%emt 0:01:46]} e5 {[%emt 0:03:43]} 25. Qd2 {[%emt 0:03:48]} Bf5 {[%emt 0:03:38]} 26. Rd1 {[%emt 0:04:35]} Rxd6 {[%emt 0:02:49]} 27. cxd6 {[%emt 0:00:30]} Qf6 {[%emt 0:01:30]} 28. d7 {[%emt 0:08:02]} Rd8 {[%emt 0:01:40]} 29. Qxa5 {[%emt 0:01:02]} Qe7 {[%emt 0:01:52]} 30. Qc7 {[%emt 0:01:13]} b5 {[%emt 0:04:17]} 31. Be2 {[%emt 0:00:32]} Rxd7 {[%emt 0:03:12]} 32. Qxc6 {[%emt 0:04:16]} Rxd1+ {[%emt 0:00:36]} 33. Bxd1 {[%emt 0:00:12]} Qd7 {[%emt 0:02:11]} 34. Qxd7+ Bxd7 35. Kf1 {[%emt 0:00:53]} Kf6 {[%emt 0:01:21]} 36. Ke2 {[%emt 0:00:38]} e4 {[%emt 0:01:32]} 37. Ke3 {[%emt 0:00:21]} Ke5 {[%emt 0:00:01]} 38. f3 {[%emt 0:03:07]} exf3 {[%emt 0:01:03]} 39. Bxf3 {[%emt 0:00:12]} g5 {[%emt 0:00:36]} 40. Kd3 {[%emt 0:00:00]} Kd6 {[%emt 0:00:00]} 41. Kd4 {[%emt 0:00:00]} Be8 {[%emt 0:00:00]} 42. Be4 {[%emt 0:00:00]} h6 {[%emt 0:00:00]} 43. b3 {[%emt 0:00:00]} Bd7 {[%emt 0:00:00]} 44. Bc2 {[%emt 0:00:00]} h5 {[%emt 0:00:00]} 45. Bd1 {[%emt 0:04:59]} h4 {[%emt 0:00:00]} 46. h3 {[%emt 0:01:03]} Bc6 {[%emt 0:00:00]} 47. Bf3 {[%emt 0:00:14]} Bd7 {[%emt 0:00:12]} 48. Ke4 {[%emt 0:00:19]} Be6 {[%emt 0:04:02]} 49. a4 {[%emt 0:05:33]} bxa4 {[%emt 0:05:37]} 50. bxa4 {[%emt 0:00:10]} Bd7 {[%emt 0:00:04]} 51. a5 {[%emt 0:00:08]} Bc8 {[%emt 0:00:06]} 52. Kd4 {[%emt 0:01:41]} Ba6 {[%emt 0:00:55]} 53. Be4 {[%emt 0:00:16]} Bc8 {[%emt 0:00:38]} 54. Bd3 {[%emt 0:00:35]} Bb7 {[%emt 0:00:28]} 55. a6 {[%emt 0:00:40]} Bxg2 {[%emt 0:00:42]} 56. Be4 {[%emt 0:00:11]} Bxe4 {[%emt 0:00:34]} 57. Kxe4 {[%emt 0:00:06]} Kc6 {[%emt 0:00:03]} 58. Kf5 {[%emt 0:00:05]} Kb6 {[%emt 0:00:00]} 59. Kxg5 {[%emt 0:00:08]} Kxa6 {[%emt 0:00:11]} 60. Kxh4 {[%emt 0:00:05]} Kb6 {[%emt 0:00:01]} 61. Kg5 {[%emt 0:00:02]} Kc6 {[%emt 0:00:27]} 62. Kf6 {[%emt 0:00:39]} Kd7 {[%emt 0:00:17]} 63. Kf7 {[%emt 0:00:13]} Kd6 {[%emt 0:00:08]} 64. h4 {[%emt 0:00:09]} Ke5 {[%emt 0:00:01]} 65. h5 {[%emt 0:00:09]} Kf5 {[%emt 0:00:04]} 66. h6 {[%emt 0:00:05]} Kg5 {[%emt 0:00:12]} 67. h7 {[%emt 0:00:05]} 1-0

[Event "Nakhchivan Premium 2021"]
[Site "Nakhchivan"]
[Date "2021.03.30"]
[Round "9.4"]
[White "Garayev, Sadig"]
[Black "Ahmadova, Yegana"]
[Result "1-0"]
[WhiteElo "1781"]
[BlackElo "1421"]
[Annotator "NA RC"]
[PlyCount "97"]
[EventDate "2021.03.14"]
[EventType "tourn"]
[EventCountry "AZE"]
[SourceTitle "playchess.com"]
[Source "ChessBase"]
[SourceQuality "1"]
[TimeControl "5400+30"]

1. e4 {[%emt 0:00:00]} c5 {[%emt 0:00:00]} 2. Nf3 {[%emt 0:00:00]} Nc6 {[%emt 0:00:00]} 3. d4 {[%emt 0:00:09]} cxd4 {[%emt 0:00:00]} 4. Nxd4 {[%emt 0:00:05]} g6 {[%emt 0:00:14]} 5. c4 {[%emt 0:00:16]} Bg7 {[%emt 0:00:04]} 6. Be3 {[%emt 0:00:08]} Nf6 {[%emt 0:00:09]} 7. Nc3 {[%emt 0:00:07]} Nxd4 {[%emt 0:00:06]} 8. Qxd4 {[%emt 0:01:43]} O-O {[%emt 0:00:18]} 9. Qd2 {[%emt 0:13:03]} d6 {[%emt 0:02:30]} 10. f3 {[%emt 0:04:35]} Be6 {[%emt 0:00:43]} 11. Bd3 {[%emt 0:01:10]} Qa5 {[%emt 0:02:22]} 12. Nb5 {[%emt 0:06:41]} Qxd2+ {[%emt 0:00:56]} 13. Kxd2 {[%emt 0:00:11]} a6 {[%emt 0:02:50]} 14. Nd4 {[%emt 0:08:20]} Nd7 {[%emt 0:01:43]} 15. Rac1 {[%emt 0:02:23]} Nc5 {[%emt 0:00:28]} 16. Bb1 {[%emt 0:04:50]} Rfc8 {[%emt 0:00:57]} 17. Nxe6 {[%emt 0:13:44]} Nxe6 {[%emt 0:01:46]} 18. b3 {[%emt 0:01:17]} a5 {[%emt 0:04:17]} 19. Bd3 {[%emt 0:00:53]} Nc5 {[%emt 0:01:13]} 20. Rc2 {[%emt 0:02:27]} Nxd3 {[%emt 0:10:12]} 21. Kxd3 {[%emt 0:00:06]} Rc6 {[%emt 0:07:52]} 22. a3 {[%emt 0:07:13]} Rca6 {[%emt 0:01:22]} 23. Rhc1 {[%emt 0:04:01]} h5 {[%emt 0:05:45]} 24. Bd4 {[%emt 0:01:06]} Bxd4 {[%emt 0:00:59]} 25. Kxd4 {[%emt 0:01:28]} Kg7 {[%emt 0:00:58]} 26. e5 {[%emt 0:05:00]} dxe5+ {[%emt 0:02:32]} 27. Kxe5 {[%emt 0:00:56]} Re6+ {[%emt 0:00:32]} 28. Kd4 {[%emt 0:04:16]} Rd8+ {[%emt 0:00:30]} 29. Kc5 {[%emt 0:03:18]} Re5+ {[%emt 0:24:52]} 30. Kb6 {[%emt 0:00:13]} Re6+ {[%emt 0:08:54]} 31. Kc7 {[%emt 0:09:55]} Red6 {[%emt 0:03:47]} 32. c5 {[%emt 0:00:37]} R8d7+ {[%emt 0:00:14]} 33. Kb8 {[%emt 0:00:40]} Rd8+ {[%emt 0:01:59]} 34. Kc7 {[%emt 0:00:32]} R8d7+ {[%emt 0:00:29]} 35. Kb8 {[%emt 0:00:05]} Rd8+ {[%emt 0:00:08]} 36. Ka7 {[%emt 0:00:29]} Rc6 {[%emt 0:01:20]} 37. b4 {[%emt 0:01:28]} axb4 {[%emt 0:02:53]} 38. axb4 {[%emt 0:00:10]} Rd7 {[%emt 0:05:57]} 39. b5 {[%emt 0:01:32]} b6+ {[%emt 0:00:38]} 40. Ka6 {[%emt 0:00:00]} Rxc5 {[%emt 0:00:00]} 41. Rxc5 {[%emt 0:00:00]} bxc5 {[%emt 0:00:00]} 42. b6 {[%emt 0:00:00]} e5 {[%emt 0:00:00]} 43. b7 {[%emt 0:00:00]} Rxb7 {[%emt 0:00:00]} 44. Kxb7 {[%emt 0:00:00]} f5 {[%emt 0:00:00]} 45. Kc6 {[%emt 0:00:00]} Kf6 {[%emt 0:00:00]} 46. Kd5 {[%emt 0:00:00]} g5 {[%emt 0:00:00]} 47. Rxc5 {[%emt 0:00:00]} e4 {[%emt 0:00:00]} 48. fxe4 {[%emt 0:00:00]} fxe4 {[%emt 0:00:00]} 49. Kxe4 {[%emt 0:00:00]} 1-0

[Event "Nakhchivan Premium 2021"]
[Site "Nakhchivan"]
[Date "2021.03.30"]
[Round "9.5"]
[White "Babayeva, Nasrin"]
[Black "Gasimov, Parviz"]
[Result "1-0"]
[WhiteElo "1564"]
[BlackElo "2337"]
[Annotator "RC"]
[PlyCount "65"]
[EventDate "2021.03.14"]
[EventType "tourn"]
[EventCountry "AZE"]
[SourceTitle "playchess.com"]
[Source "ChessBase"]
[SourceQuality "1"]
[TimeControl "5400+30"]

1. c4 {[%emt 0:00:00]} e5 {[%emt 0:00:00]} 2. Nc3 {[%emt 0:00:00]} Nf6 {[%emt 0:00:44]} 3. e3 {[%emt 0:00:39]} Bb4 {[%emt 0:06:16]} 4. Nge2 {[%emt 0:04:52]} c6 {[%emt 0:00:06]} 5. a3 {[%emt 0:00:24]} Ba5 {[%emt 0:00:05]} 6. b4 {[%emt 0:00:18]} Bc7 {[%emt 0:00:05]} 7. d4 {[%emt 0:14:52]} Qe7 {[%emt 0:00:03]} 8. d5 {[%emt 0:01:38]} e4 {[%emt 0:01:59]} 9. Nd4 {[%emt 0:04:01]} O-O {[%emt 0:00:12]} 10. Bb2 {[%emt 0:06:19]} Qe5 {[%emt 0:00:25]} 11. Na4 {[%emt 0:10:06]} Qg5 {[%emt 0:10:50]} 12. h4 {[%emt 0:02:13]} Qg6 {[%emt 0:00:43]} 13. h5 {[%emt 0:00:35]} Qg5 {[%emt 0:00:04]} 14. h6 {[%emt 0:02:34]} g6 {[%emt 0:03:30]} 15. d6 {[%emt 0:03:31]} Bd8 {[%emt 0:00:01]} 16. Qc2 {[%emt 0:12:32]} a5 {[%emt 0:00:06]} 17. Rh3 {[%emt 0:00:47]} axb4 {[%emt 0:01:57]} 18. axb4 {[%emt 0:00:17]} Na6 {[%emt 0:00:56]} 19. Rg3 {[%emt 0:01:00]} Ng4 {[%emt 0:00:35]} 20. Qc3 {[%emt 0:03:09]} Nxb4 {[%emt 0:01:28]} 21. Nxc6 {[%emt 0:02:33]} Bf6 {[%emt 0:11:04]} 22. Ne7+ {[%emt 0:00:25]} Kh8 {[%emt 0:00:01]} 23. Qxb4 {[%emt 0:01:05]} Bxb2 {[%emt 0:02:57]} 24. Qxb2+ {[%emt 0:00:04]} f6 {[%emt 0:00:04]} 25. Nb6 {[%emt 0:01:09]} Rxa1+ {[%emt 0:03:13]} 26. Qxa1 {[%emt 0:01:34]} Qc5 {[%emt 0:00:19]} 27. Rxg4 {[%emt 0:03:02]} Qb4+ {[%emt 0:00:14]} 28. Ke2 {[%emt 0:00:34]} Qxb6 {[%emt 0:01:44]} 29. Nd5 {[%emt 0:03:31]} Qxd6 {[%emt 0:04:15]} 30. Nxf6 {[%emt 0:00:19]} Qa6 {[%emt 0:03:24]} 31. Qxa6 {[%emt 0:00:51]} bxa6 {[%emt 0:00:01]} 32. Rxe4 {[%emt 0:00:12]} a5 {[%emt 0:00:35]} 33. Re7 {[%emt 0:00:03]} 1-0

[Event "Nakhchivan Premium 2021"]
[Site "Nakhchivan"]
[Date "2021.03.30"]
[Round "9.6"]
[White "Ismayilov, Arturan"]
[Black "Seyid, Huseyn"]
[Result "1/2-1/2"]
[WhiteElo "1663"]
[BlackElo "1660"]
[Annotator "NA RC"]
[PlyCount "120"]
[EventDate "2021.03.14"]
[EventType "tourn"]
[EventCountry "AZE"]
[SourceTitle "playchess.com"]
[Source "ChessBase"]
[SourceQuality "1"]
[TimeControl "5400+30"]

1. e4 {[%emt 0:00:00]} c6 {[%emt 0:00:00]} 2. d4 {[%emt 0:00:00]} d5 {[%emt 0:00:00]} 3. Nc3 {[%emt 0:00:02]} dxe4 {[%emt 0:00:00]} 4. Nxe4 {[%emt 0:00:01]} Bf5 {[%emt 0:00:00]} 5. Ng3 {[%emt 0:00:09]} Bg6 {[%emt 0:00:00]} 6. h4 {[%emt 0:00:36]} h6 {[%emt 0:00:00]} 7. Nf3 {[%emt 0:00:11]} Nd7 {[%emt 0:00:07]} 8. h5 {[%emt 0:00:21]} Bh7 {[%emt 0:00:01]} 9. Bd3 {[%emt 0:00:55]} Bxd3 {[%emt 0:00:02]} 10. Qxd3 {[%emt 0:00:02]} Qc7 {[%emt 0:00:16]} 11. Bd2 {[%emt 0:01:16]} e6 {[%emt 0:00:23]} 12. O-O-O {[%emt 0:00:24]} O-O-O {[%emt 0:00:02]} 13. Kb1 {[%emt 0:01:31]} Ngf6 {[%emt 0:00:32]} 14. c4 {[%emt 0:04:19]} Bd6 {[%emt 0:00:39]} 15. Ne4 {[%emt 0:01:31]} Nxe4 {[%emt 0:00:10]} 16. Qxe4 {[%emt 0:00:00]} Nf6 {[%emt 0:00:16]} 17. Qc2 {[%emt 0:01:10]} c5 {[%emt 0:00:57]} 18. Bc3 {[%emt 0:05:33]} cxd4 {[%emt 0:01:58]} 19. Bxd4 {[%emt 0:21:54]} Bc5 {[%emt 0:01:22]} 20. Be5 {[%emt 0:02:42]} Qb6 {[%emt 0:02:33]} 21. Rc1 {[%emt 0:04:03]} Rd7 {[%emt 0:13:33]} 22. a3 {[%emt 0:09:28]} a5 {[%emt 0:07:16]} 23. Qa4 {[%emt 0:05:15]} Rd3 {[%emt 0:12:14]} 24. Bc3 {[%emt 0:03:00]} Ne4 {[%emt 0:10:42]} 25. Bxa5 {[%emt 0:02:54]} Qa6 {[%emt 0:07:09]} 26. Rhd1 {[%emt 0:13:31]} Rd6 {[%emt 0:21:03]} 27. Ne5 {[%emt 0:03:55]} Rf8 {[%emt 0:12:19]} 28. Nd3 {[%emt 0:07:32]} b6 {[%emt 0:03:14]} 29. Nxc5 {[%emt 0:03:10]} Nxc5 {[%emt 0:00:39]} 30. Qb5 {[%emt 0:01:48]} Qxb5 {[%emt 0:04:04]} 31. cxb5 {[%emt 0:00:15]} Rxd1 {[%emt 0:00:23]} 32. Rxd1 {[%emt 0:00:04]} bxa5 {[%emt 0:00:51]} 33. Rc1 {[%emt 0:00:04]} Kb7 {[%emt 0:00:17]} 34. Rxc5 {[%emt 0:00:03]} Kb6 {[%emt 0:00:45]} 35. Rc6+ {[%emt 0:05:23]} Kxb5 {[%emt 0:00:07]} 36. Rc7 {[%emt 0:00:02]} g6 {[%emt 0:00:42]} 37. g4 {[%emt 0:00:26]} gxh5 {[%emt 0:00:16]} 38. gxh5 {[%emt 0:00:04]} Rg8 {[%emt 0:00:33]} 39. Rxf7 {[%emt 0:00:00]} Rg5 {[%emt 0:00:00]} 40. Rf6 {[%emt 0:00:00]} Rxh5 {[%emt 0:00:00]} 41. Rxe6 {[%emt 0:00:00]} Rf5 {[%emt 0:00:00]} 42. Rxh6 {[%emt 0:00:00]} Rxf2 {[%emt 0:00:00]} 43. Rh5+ {[%emt 0:00:00]} Kb6 {[%emt 0:00:00]} 44. Rh3 {[%emt 0:00:00]} Rg2 {[%emt 0:00:00]} 45. Rc3 {[%emt 0:00:00]} Kb5 {[%emt 0:00:00]} 46. b3 {[%emt 0:00:00]} Rh2 {[%emt 0:00:00]} 47. Rc2 {[%emt 0:00:00]} Rh3 {[%emt 0:00:00]} 48. Kb2 {[%emt 0:00:00]} Rg3 {[%emt 0:00:00]} 49. Rd2 {[%emt 0:00:00]} Rg5 {[%emt 0:00:00]} 50. Rd3 {[%emt 0:00:00]} Rh5 {[%emt 0:00:00]} 51. Re3 {[%emt 0:00:00]} Rh6 {[%emt 0:00:00]} 52. Re5+ {[%emt 0:00:00]} Kb6 {[%emt 0:00:00]} 53. Kc3 {[%emt 0:00:00]} Rh3+ {[%emt 0:00:00]} 54. Kc4 {[%emt 0:00:00]} Rh4+ {[%emt 0:00:00]} 55. Kd5 {[%emt 0:00:00]} a4 {[%emt 0:00:00]} 56. Re6+ {[%emt 0:00:00]} Kb7 {[%emt 0:00:00]} 57. Re7+ {[%emt 0:00:00]} Kb6 {[%emt 0:00:00]} 58. Re6+ {[%emt 0:00:00]} Kb7 {[%emt 0:00:00]} 59. bxa4 {[%emt 0:00:00]} Rxa4 {[%emt 0:00:00]} 60. Re4 {[%emt 0:00:00]} Rxa3 {[%emt 0:00:00]} 1/2-1/2

[Event "Nakhchivan Premium 2021"]
[Site "Nakhchivan"]
[Date "2021.03.31"]
[Round "10.1"]
[White "Sevdimaliyev, Urfan"]
[Black "Seyid, Huseyn"]
[Result "0-1"]
[WhiteElo "2369"]
[BlackElo "1660"]
[Annotator "TA"]
[PlyCount "90"]
[EventDate "2021.03.14"]
[EventType "tourn"]
[EventCountry "AZE"]
[SourceTitle "playchess.com"]
[Source "ChessBase"]
[SourceQuality "1"]

{[%evp 25,90,18,38,-14,-4,-46,-52,-71,-30,-31,-5,-14,-1,-30,-19,-42,-43,-24,0,0,0,0,0,-40,-10,-12,-8,-14,-7,-7,-7,-8,0,0,0,0,0,-58,-64,-145,-143,-1080,-834,-4718,-4718,-4297,-3371,-2137,-1659,-2093,-1760,-1648,-1446,-6087,-5791,-6087,-6070,-6070,-6070,-6070,-5895,-5895,-4718,-5700,-5110,-5097,-1814]} 1. d4 Nf6 2. Nf3 d5 3. c4 e6 4. Nc3 Be7 5. Bg5 O-O 6. e3 h6 7. Bh4 Ne4 8. Bxe7 Qxe7 9. Rc1 c6 10. Bd3 Nxc3 11. Rxc3 dxc4 12. Bxc4 Nd7 13. O-O e5 14. e4 {D56: Queen's Gambit Declined: Lasker Defence.} (14. d5 $14) 14... exd4 $11 15. Nxd4 {[#] Black must now prevent Nf5.} (15. Qxd4 {keeps more tension.} Re8 16. Nd2 Nf6 17. f3 b6 18. Qf2) 15... Ne5 {[#] aiming for ...Rd8.} 16. Qc2 $146 {Black is slightly better.} ({Predecessor:} 16. Qb3 Rd8 17. Nf5 Bxf5 18. exf5 b5 19. Be2 Rd2 20. Re3 Qc5 21. Bh5 Nc4 22. Rg3 Qxf5 {1-0 (43) Pehlgrim,A (2183)-Tell,M Pinneberg 1999}) 16... Nxc4 17. Rxc4 Re8 18. f3 Be6 19. Ra4 Red8 20. f4 c5 21. Nxe6 fxe6 22. f5 exf5 23. exf5 Qe3+ 24. Kh1 Rd2 (24... b5 {is more complex.} 25. Rg4 Rd2 26. Qc1 Rf2 27. Qxe3 Rxf1+ 28. Qg1 Rxg1+ 29. Kxg1 Rd8) 25. Qc4+ Kh7 {Black wants to play ...Qg5.} 26. f6 Qe2 27. Qxe2 Rxe2 {[%mdl 4096] Endgame KRR-KRR} 28. h3 gxf6 29. Rxf6 Rg8 30. Rxa7 Rxb2 31. Rf7+ (31. Rc6 $11) 31... Rg7 $15 32. Rxg7+ (32. Rf8 $15) 32... Kxg7 {KR-KR} 33. a4 $2 {[%mdl 8192] This move loses the game for White.} (33. Ra8 $17) 33... c4 $19 {Black is clearly winning.} 34. Ra8 c3 35. Rc8 c2 36. Kh2 Kf6 37. Kg3 {[#]} Ke5 $1 {[%cal Re5d4]} 38. Kg4 Kd4 39. Kh5 Kd3 40. Rd8+ Ke2 41. Rc8 Kd1 42. Rd8+ Kc1 43. Rc8 Rb6 44. a5 Rd6 45. g4 Kd1 {Weighted Error Value: White=1.15/Black=0.05} (45... Kd2 $142 46. Rc5 Rc6 47. Rxc2+ Kxc2) 0-1

[Event "Nakhchivan Premium 2021"]
[Site "Nakhchivan"]
[Date "2021.03.31"]
[Round "10.2"]
[White "Gasimov, Parviz"]
[Black "Ismayilov, Arturan"]
[Result "1-0"]
[WhiteElo "2337"]
[BlackElo "1663"]
[Annotator "TA"]
[PlyCount "60"]
[EventDate "2021.03.14"]
[EventType "tourn"]
[EventCountry "AZE"]
[SourceTitle "playchess.com"]
[Source "ChessBase"]
[SourceQuality "1"]

{[%evp 18,60,30,40,66,50,90,89,84,79,102,116,115,65,136,146,181,152,145,133,164,153,236,146,151,97,101,91,162,118,121,124,129,109,191,160,185,213,260,246,419,416,410,404,387]} 1. e4 c5 2. Nf3 Nc6 3. d4 cxd4 4. Nxd4 g6 5. c4 Bg7 6. Be3 Nf6 7. Nc3 O-O 8. Be2 d6 9. Nc2 Be6 10. O-O Qc8 {10...Qa5 is becoming the main line. B37: Sicilian: Maroczy Bind with 5...Bg7, sidelines.} 11. f3 Na5 12. b3 {[#]} Ng4 $146 {White is better.} ({Predecessor:} 12... Nxe4 13. Nxe4 Bxa1 14. Qxa1 d5 15. Bh6 f6 16. Bxf8 Kxf8 17. Qc3 dxe4 18. Qxa5 exf3 19. Bxf3 Bf5 20. Nd4 Bg4 21. Bd5 e6 22. Nxe6+ Bxe6 23. Rxf6+ {1-0 (23) Skuthan,J (1782)-Maslo,O (1699) Hrdonov 2012}) 13. Bd4 {Black must now prevent Bxg7.} Bxd4+ 14. Qxd4 Nf6 15. Rad1 Rd8 ({Black should try} 15... Qc5 $14) 16. Qd2 $16 a6 17. Nd5 Bxd5 18. cxd5 ({Don't take} 18. Qxa5 $6 Be6 $14) 18... b6 19. Nd4 e5 {[#]} (19... Rd7 $16 20. Rc1 Qf8) 20. Rc1 $1 Qd7 {[#]} (20... Qb7 21. Nf5) 21. Nc6 (21. Nf5 $142 $1 {[%mdl 512]}) 21... Nxc6 22. dxc6 Qe6 (22... Qc7 $16 {might work better.}) 23. Bc4 Qe7 24. Bd5 Nxd5 25. exd5 Ra7 (25... f5 $16) 26. Qe3 $36 {[%mdl 2048] Black is under strong pressure.} Qc7 27. f4 exf4 28. Rxf4 ({Don't play} 28. Qxf4 $6 Re8 $16) 28... Qe7 $2 (28... a5 29. Re4 b5) 29. Re4 $18 Qc7 30. Re1 b5 {Weighted Error Value: White=0.18/Black=0.35} 1-0